000
00303nam a22001337a 4500
008
181023b xxu||||| |||| 00| 0 eng d
020
_a
9780205994724
041
_a
eng
080
_a
321
100
_a
19
101
_a
SHP
245
_a
Politics in Sttes and Communities
_c
Dye, Th. R
942
_2
udc
_c
BK
999
_c
50724
_d
50724